20 Longest Ye (Kanye West) Songs - Statistics

General Stats
  • This quiz has been taken 53 times
    32 since last reset
  • The average score is 15 of 20
Answer Stats
Album Duration Answer % Correct
The College Dropout 12:41 Last Call
100%
My Beautiful Dark Twisted Fantasy 9:08 Runaway
100%
My Beautiful Dark Twisted Fantasy 5:52 Devil In A New Dress
96%
My Beautiful Dark Twisted Fantasy 7:50 Blame Game
92%
My Beautiful Dark Twisted Fantasy 6:19 Monster
92%
The Life Of Pablo 6:14 No More Parties In LA
92%
My Beautiful Dark Twisted Fantasy 6:38 So Appalled
92%
The Life Of Pablo 6:12 Saint Pablo
88%
My Beautiful Dark Twisted Fantasy 5:58 Gorgeous
85%
808's And Heartbreak 6:18 Say You Will
85%
Late Registration 7:28 We Major
85%
Yeezus 6:00 Blood On The Leaves
77%
Donda 8:59 Jesus Lord
77%
Donda 11:31 Jesus Lord pt 2
73%
808's And Heartbreak 6:02 Pinocchio Story
73%
Donda 6:32 Life Of The Party
54%
VULTURES 1 6:09 BEG FORGIVENESS
46%
Cruel Summer 5:57 New God Flow.1
42%
Donda 5:59 Pure Souls
27%
Cruel Summer 5:45 The One
19%
No matching quizzes found
Score Distribution
Percent of People with Each Score
Percentile by Number Answered
Your Score History
You have not taken this quiz since the last reset